| 000 | 00518nam a2200145Ia 4500 | ||
|---|---|---|---|
| 008 | 231221s9999 xx 000 0 und d | ||
| 041 | _aEnglish | ||
| 100 | _aRamesh Babu, B. Vijay Kiran, A. Goplakrishnan, S. | ||
| 245 | 0 | _aNational seminar on new public library in the information age held at connemara public library chennai 12 - 13 June 2003 | |
| 260 |
_c2003 _bFIC _aChennai |
||
| 300 | _a190 | ||
| 500 | _aSRELS | ||
| 650 | _aNational,seminar,information,age,connemara,chennai,12,-,13,June,2003 | ||
| 942 | _cCP | ||
| 999 |
_c233436 _d233436 |
||